000 00415cam a2200169 4500
001 D12767
008 090401t1951 xxu||||| |||| 00| 0 eng d
035 _a(Sirsi) u5596
041 _aeng
100 _aFox-Andrews, J.R.B.
245 _aLeasehold property (temporary provisions) Act 1951
260 _aLondon
_bEstates Gazette
_c1951
350 _a0
520 _aShelf 116
942 _n0
948 _c04/03/1997
999 _c86193
_d86193